The quantum theory of fields. (Record no. 29752)

000 -LEADER
fixed length control field 00598 a2200169 4500
020 ## - INTERNATIONAL STANDARD BOOK NUMBER
International Standard Book Number 0521670543
020 ## - INTERNATIONAL STANDARD BOOK NUMBER
International Standard Book Number 9780521670548
082 ## - DEWEY DECIMAL CLASSIFICATION NUMBER
Classification number 530.143
090 ## - LOCALLY ASSIGNED LC-TYPE CALL NUMBER (OCLC); LOCAL CALL NUMBER (RLIN)
-- 1138
-- 1138
100 1# - MAIN ENTRY--PERSONAL NAME
Personal name Weinberg, Steven.
245 14 - TITLE STATEMENT
Title The quantum theory of fields.
Number of part/section of a work Volume 2 :
Remainder of title modern applications /
Statement of responsibility, etc. Steven Weinberg.
260 ## - PUBLICATION, DISTRIBUTION, ETC.
Place of publication, distribution, etc. [S.l.] :
Name of publisher, distributor, etc. Cambridge University Press,
Date of publication, distribution, etc. 2005.
300 ## - PHYSICAL DESCRIPTION
Extent 489 p. ;
Dimensions 25 cm.
700 ## - ADDED ENTRY--PERSONAL NAME
Personal name Weinberg, Steven.
942 ## - ADDED ENTRY ELEMENTS (KOHA)
Institution code [OBSOLETE] SNS
Koha item type Book
Call number prefix 530.143 WEI
Holdings
Withdrawn status Lost status Damaged status Not for loan Permanent Location Current Location Date acquired Total Checkouts Full call number Barcode Date last seen Date last checked out Price effective from Koha item type
        School of Natural Sciences (SNS) School of Natural Sciences (SNS) 05/26/2016 1 530.143 WEI SNS0001647 10/01/2025 01/15/2019 05/26/2016 Book
© 2023 Central Library, National University of Sciences and Technology. All Rights Reserved.